1803 1711 1262 1158 1183 1872 1037 1291 1669 1260 1335 1823 1873 1955 1530 1575 1145 1345 1163 1738 1991 1545 1230 1355 1080 1110 1917 1712 1731 1319 1232 1594 1179 1786 1443 1689 1132 1461 1069 1261 1430 1565 1304 1135 1943 1295 1348 1554 1830 1870 1864 1706 1792 1357 1983 1009 1990 1760 1852 1328 1349 1970 1514 1225 1863 1616 1653 1722 1488 1305 1697 1884 1891 1980 1537 1536 1933 1584 1028 1790 1904 1618 1728 1001 1418 1686 1623 1801 1212 1254 1089 1636 1295 1468 1028 1214 1663 1490 1171 BCNSPRNW ULIB Ver.6.0+V

เปลี่ยนเป็นภาษาไทย

Change to English
 แสดงรายละเอียดบรรณานุกรม
  กลับหน้าหลัก

Brief Record : Get Marc (ISO 2709) : E-mail record : QR code < ปิดหน้าต่าง
LEADER : 00000nam 2200000uu 4500
001    13399108421
003     ULIB
008    110303s2009||||th 000 0 eng d
020    9781416058960 (hardcover)
020    978146099987
060  4 WY157.3^bM425
245 00 Maternal-child nursing /^cEmily Slone McKinney ... [etal.]
250    3rd ed
260    St. Louis, Mo. :^bSaunders/Elsevier,^c2009
300    xviii, 1655 p. :^bill. (chiefly col.) ;^c29 cm. +^e1 CD-ROM (4 3/4 in.)
500    Has study guide)
504    Includes bibliographical references and index
650  0 Maternity nursing
650  0 Pediatric nursing
650  2 Maternal-Child Nursing^xmethods
650  2 Pediatric Nursing^xmethods
700 1  McKinney, Emily Slone
945    ^p0^l0^i029059
995    Kesorn
999 ^a ใช้งานได้ทุกระบบ
รายการนี้ยังไม่มีแท็ก
คุณยังไม่ได้ล็อกอิน คุณสามารถมีกิจกรรมร่วมกับเว็บไซต์ได้ แต่ต้องล็อกอินก่อน ::
  ล็อกอิน

รายการสื่อสารสนเทศ

ลำดับที่ ประเภท เลขเรียก/บาร์โค้ด สถานที่ สถานะ
- ไม่พบข้อมูล -

รายการใกล้เคียง
    หัวเรื่อง [Maternity nursing]
    หัวเรื่อง [Pediatric nursing]

BibComment


ยังไม่เคยถูกคอมเมนท์

คอมเมนท์ทรัพยากรรายการนี้
  คอมเมนท์: Maternalchild nur..


 Copyright 2026. Bcnsprnw @Library